Paris : Où se trouvent ces lieux "plus" ou "moins" ? 2 - Statistiques

Statistiques générales
  • Ce quiz a été pris 14 fois
  • Le résultat moyen est 8 sur 22
Statistiques - réponses
Hint Explanation Réponse % Correct
La station de métro la plus fréquentée 750000 voyageurs / jour 1er / Châtelet-Les Halles
91%
Le plus grand hôpital Pitié Salpêtrière - 1750 lits 13e / Boulevard de l'hôpital
73%
La rue la plus large 120 mètres 16e / Avenue Foch
73%
La plus grande place 7.56 hectares, 8e / Place de la Concorde
73%
Le plus grand arrondissement 8.48 km 15e arrondissement
64%
L'arrondissement le plus vert 18,9 % de sa surface 1er arrondissement
55%
La rue la plus chère jusqu'à 31000 €/m2 8e / Avenue Montaigne
55%
Le pont plus le plus aval avant la création du périphérique 16e / Pont Garigliano
45%
La rue la plus colorée 12e / Rue Crémieux
36%
Le point le plus haut (domaine public) 128,50 mètres 20e / Rue du télégraphe
36%
L'arrondissement le moins vert 0,2 % de sa surface 2e arrondissement
36%
Le plus petit arrondissement 99 hectares 2e arrondissement
36%
Le pont plus le plus amont avant la création du périphérique 12e/13e Pont National
18%
La plus grande largeur de la Seine 200 mètres 15e / Pont de Grenelle
18%
La rue la plus uniforme 10e / Rue des immeubles industriels
9%
Le point le plus bas (au sec !) 30,5 mètres 15e / Rue Leblanc
9%
Le plus petit cimetière du Calvaire - 600 m2 18e / Rue du Mont-Cenis
9%
Le pont le plus court 32 mètres 4e / Rue de la Cité
9%
La plus petite largeur de la Seine 30 mètres 5e / Quai de Montebello
9%
Le plus long pont Aval - 312.50 m 16e / Quai Saint-Exupéry
0%
La façade la plus fine 18e / Rue Francoeur
0%
Le plus étroit immeuble 2,50 mètres 7e / Quai Voltaire
0%
Aucun quiz correspondant
Distribution des résultats
% des personnes avec chaque résultat
Percentile par nombre de réponses
Votre historique - résultats
Vous n’avez pas pris ce quiz